Couldn't have been better : my life story (Record no. 71624)

000 -LEADER
fixed length control field 00519nam a22001817a 4500
003 - CONTROL NUMBER IDENTIFIER
control field NUST - PNEC
005 - DATE AND TIME OF LATEST TRANSACTION
control field 20170116181205.0
008 - FIXED-LENGTH DATA ELEMENTS--GENERAL INFORMATION
fixed length control field 160318b xxu||||| |||| 00| 0 eng d
020 ## - INTERNATIONAL STANDARD BOOK NUMBER
International Standard Book Number 9789696370628
040 ## - CATALOGING SOURCE
Transcribing agency LIBRARY
082 ## - DEWEY DECIMAL CLASSIFICATION NUMBER
Classification number
100 ## - MAIN ENTRY--PERSONAL NAME
9 (RLIN) 16770
Personal name Husain, Syed Mustafa Anwer
245 ## - TITLE STATEMENT
Title Couldn't have been better : my life story
Statement of responsibility, etc. Syed Mustafa Anwer Husain
260 ## - PUBLICATION, DISTRIBUTION, ETC.
Place of publication, distribution, etc. Pakistan
Name of publisher, distributor, etc. Paramount Books (Pvt) Ltd.
Date of publication, distribution, etc. c.2015
300 ## - PHYSICAL DESCRIPTION
Extent 570 p. :
650 ## - SUBJECT ADDED ENTRY--TOPICAL TERM
9 (RLIN) 16771
Topical term or geographic name entry element Pakistan
General subdivision General
942 ## - ADDED ENTRY ELEMENTS (KOHA)
Source of classification or shelving scheme
Koha item type Book
Holdings
Withdrawn status Lost status Source of classification or shelving scheme Damaged status Not for loan Permanent Location Current Location Date acquired Source of acquisition Cost, normal purchase price Total Checkouts Full call number Barcode Date last seen Date last checked out Cost, replacement price Price effective from Koha item type
          Pakistan Navy Engineering College (PNEC) Pakistan Navy Engineering College (PNEC)   Donated 0.00 2 923.554 MUS PNECLIB-032678 11/18/2016 10/10/2016 0.00 03/18/2016 Book
© 2023 Central Library, National University of Sciences and Technology. All Rights Reserved.